| 000 | 00506nam a22001937a 4500 | ||
|---|---|---|---|
| 005 | 20230103112134.0 | ||
| 008 | 221212b |||||||| |||| 00| 0 eng d | ||
| 020 | _a9780007592517 | ||
| 041 | _aeng | ||
| 082 | _bKel | ||
| 100 |
_aKelley Tom _9106060 |
||
| 245 | _aCreative Confidence : Unleashing the Creative Potential Within us All | ||
| 260 |
_aLondon _bWilliam Collins _c2013 |
||
| 300 | _a288 | ||
| 365 |
_b210.00 _cRs. |
||
| 650 | _aDesign | ||
| 942 | _cBK | ||
| 999 |
_c83634 _d83634 |
||